LEADER 01164nam a2200241 i 4500 001 000000247563 003 CaOOAMICUS 005 20160121000000.0 008 160121s1862 it u000 u lat u 013 $a226468 040 $aSeMil$bita 100 0 $aAmbrosius,$c.$0(OLS)http://semarc/name/904 245 10$aInni sinceri e carmi /$cdi Sant'Ambrogio vescovo di Milano ; cavati specialmente da monumenti della Chiesa milanese ; e illustrati dal prete Luigi Biraghi. 260 $aMilano :$bDitta Boniardi-Pogliani di Ermenegildo Besozzi,$c1862. 300 $a158 p. ;$c27 cm. 500 $aDalla biblioteca del Card. Colombo. 650 4$aAmbrogio - Inni.$0(OLS)http://semarc/subject/15045 700 1 $aBiraghi, Luigi,$c.$0(OLS)http://semarc/name/4214 850 $aSeMil 852 $aSeMil$W1$xVenegono$y1$m2U V 61 FA$j197909$B197909$CSeMilBibl$Z2$F209069 $8I 961 $aLascito: Colombo Card. Giovanni 996 $6245$aInni sinceri e carmi$9(OLS)http://semarc/title/152153 996 $6260$aMilano :$bDitta Boniardi-Pogliani di Ermenegildo Besozzi$9(OLS)http://semarc/publisher/33999 LEADER 01013nam a2200253 i 4500 001 000000079886 003 CaOOAMICUS 005 20170410000000.0 008 170410s1971 xx u000 u und u 013 $a52124 040 $aSeMil$bita 100 1 $aAyfre, Amédée.$0(OLS)http://semarc/name/38581 240 13$aLe cinéma et sa vérité. Cinéma et mystère.$0(OLS)http://semarc/title/403703 245 10$aVerità e mistero del cinema /$cAmédée Ayfre. 260 $aRoma :$bPaoline,$ccopyr. 1971. 300 $a269 p. ;$c21 cm. 490 0 $aLa comunicazione sociale ;$v4 650 4$aCinema.$0(OLS)http://semarc/subject/15360 830 3$aLa comunicazione sociale ;$v4.$0(OLS)http://semarc/title/23313 850 $aSeMil 852 $aSeMil$W1$xVenegono$y1$m3M II 283$j45507$B45507$CSeMilBibl$Z2$F47483 $81 961 $aRecupero: Seminario di Seveso 996 $6245$aVerità e mistero del cinema$9(OLS)http://semarc/title/403702 996 $6260$aRoma :$bPaoline$9(OLS)http://semarc/publisher/29686